Indian City By Picture - Statistics

General Stats
  • This quiz has been taken 100 times
  • The average score is 9 of 12
Answer Stats
Picture Answer % Correct
Agra
97%
Mumbai
97%
New Delhi
93%
Kolkata
91%
Hyderabad
86%
Chennai
85%
Jaipur
79%
Bangalore
77%
Ahmedabad
75%
Pune
61%
Lucknow
55%
Nagpur
23%
No matching quizzes found
Score Distribution
Percent of People with Each Score
Percentile by Number Answered
Your Score History
You have not taken this quiz